| 000 | 00906nam a2200265Ka 4500 | ||
|---|---|---|---|
| 008 | |||
| 020 | _a0748710310 (pbk.) | ||
| 049 | _aMAIN | ||
| 090 |
_aTA174 _bMAN |
||
| 245 | 0 | 0 |
_aManual of British standards in engineering drawing and design / _cedited by Maurice Parker. |
| 250 | _a2nd ed. | ||
| 260 |
_aCheltenham, England : _bBritish Standards Institution in association with Stanley Thornes, _c1991. |
||
| 300 |
_a265 p. : _bill. ; _c30 cm. |
||
| 500 | _aFirst published in 1984 by Hutchinson Education. | ||
| 500 | _a"Includes material from the latest BS 308"--Cover. | ||
| 650 | 0 | _aEngineering design. | |
| 650 | 0 | _aEngineering graphics. | |
| 700 | 1 | _aParker, M.A. | |
| 710 | 2 | _aBritish Standards Institution. | |
| 907 |
_a.b10065362 _b29-03-12 _c17-04-03 |
||
| 003 | |||
| 005 | 20230123133241.0 | ||
| 040 | _cNUST | ||
| 942 |
_cBOOKS _kTA174 _mMAN |
||
| 999 |
_c145338 _d145338 |
||